| 000 | 00549nam a22001937a 4500 | ||
|---|---|---|---|
| 999 |
_c533157 _d533157 |
||
| 003 | Nust | ||
| 005 | 20191213105029.0 | ||
| 008 | 170216b xxu||||| |||| 00| 0 eng d | ||
| 038 | _aMSOHAIL | ||
| 040 | _cNust- | ||
| 082 |
_a624.18341 _bRAO |
||
| 100 |
_aRao K . L _926908 |
||
| 245 |
_aCalculation design and testing of reinforced concrete _cK . L .Rao |
||
| 250 | _a3rd ed. | ||
| 260 |
_aIndia _bR.C. Patel Charotar Book Stall (W.R) India _cc 1961. |
||
| 300 |
_axv, 574 p. : _bill.; _c24 cm |
||
| 650 |
_aNUST / MCE _926909 |
||
| 942 |
_cBK _2ddc |
||